000 00475nam a2200181Ia 4500
008 240729s9999 xx 000 0 und d
022 _a2472-5560
245 0 _aSLAS Discovery
260 _aUnited States
260 _bElsevier
650 _a Biotechnology
650 _a Chemical technology
650 _a Medicine (General) | Technology
650 _aMedicine
856 _uhttps://doaj.org/toc/c0d3e44a74694b569fb40db0e3c8ee05
942 _2ddc
942 _cDOAJEJ
999 _c70705
_d70705
945 _a1
_bMadushi Gamage
_c1
_dMadushi Gamage